Домие (Запис номер 210590)
[ съкратено ]
| 000 -Лидер | |
|---|---|
| Контролно поле с фиксирана дължина | 01778nkm a2200409 c 4500 |
| 003 - Код на организацията, давaща контролен номер | |
| Контролно поле | BLK |
| 005 - Дата и час на последна редакция | |
| Контролно поле | 20180422121102.0 |
| 008 - Елементи от данни с фиксирана дължина | |
| fixed length control field | 180412b bul rap|r|||| r0| ||bulo| |
| 010 ## - Наследен системен номер | |
| LC control number | KNG00167773000 |
| 040 ## - Източник на каталожния запис | |
| Идентификатор на билиотеката - собственик на записа | BLK |
| 041 ## - Код за език | |
| Код за езика на текст/звукозапис или на отделно заглавие | Български |
| Код за езика КДБФ | Български |
| 080 ## - УДК | |
| Текстов определител УДК | Живопис - художници |
| УДК код - определител по УДК | 75.071.1 |
| УДК определител | (44)(092) |
| УДК - код + определител | 75.071.1(44)(092) |
| 080 ## - УДК | |
| Текстов определител УДК | Френски живописец, график и скулптор стил критически реализъм (1808-1879) |
| УДК код - определител по УДК | 929 Домие, Оноре Викторен |
| УДК определител | |
| УДК - код + определител | 929 Домие, Оноре Викторен |
| 100 1# - Редна дума - Автор | |
| Автор | Дачев, Петър Петров |
| Авторска отговорност | първи автор |
| R(LIN) | 387244 |
| 139 ## - Редно поле | |
| Редна дума | Дачев, Петър Петров |
| Авторски знак | Дом - Д 76 |
| 245 10 - Сведения за заглавието | |
| Заглавие | Домие |
| Подзаглавни данни | Моногр. очерк |
| Редно поле (дума) | Петър Петров Дачев; Оноре Викторен Домие. |
| 257 ## - Страна на издаване | |
| Страна на създаване/издаване | България |
| 260 ## - Област на издателските данни | |
| -- | София |
| Име на издателя, разпространителя и проч. | Бълг. художник |
| Година на издаване | 1957 |
| 300 ## - Физическа характеристика | |
| Страници | 42 с., 32 л. |
| Илюстрации и др. | с репрод. |
| Размери/Мащаб | 25 см |
| 380 ## - Жанр | |
| Жанр | Изкуство |
| 500 ## - Общи забележки | |
| Забележка | Авт. не е означен на кор. - 1 600 тир. |
| 600 14 - Име на лице, използвано като предмет | |
| За него / За нея | Домие, Оноре Викторен |
| 9 (RLIN) | 64228 |
| 650 #4 - Допълнително описание по предмет – тема | |
| Основно описание – тема или топоним | Художници, френски - албуми |
| 9 (RLIN) | 253572 |
| 651 #4 - Допълнително описание по предмет - топоним | |
| Географско понятие | Франция |
| 9 (RLIN) | 179722 |
| 653 ## - Ключова дума – ненормативна | |
| Ключова дума | френски художници |
| 653 ## - Ключова дума – ненормативна | |
| Ключова дума | живопис |
| 653 ## - Ключова дума – ненормативна | |
| Ключова дума | карикатури |
| 653 ## - Ключова дума – ненормативна | |
| Ключова дума | скулптори |
| 653 ## - Ключова дума – ненормативна | |
| Ключова дума | графици |
| 653 ## - Ключова дума – ненормативна | |
| Ключова дума | критически реализъм |
| 700 1# - Други автори (авторска отговорност) | |
| Лично име | Домие, Оноре Викторен |
| 9 (RLIN) | 64228 |
| 852 ## - Местоположение | |
| Форматна сигнатура | Цб Гр А 23 |
| 856 4# - Електронен адрес и достъп | |
| Електронен формат | pdf - файл |
| Път до файла /url/ | |
| 856 4# - Електронен адрес и достъп | |
| Електронен формат | pdf - файл |
| Път до файла /url/ | |
| 942 ## - АРТИКУЛИ | |
| Вид на библиотечния материал | Графични издания |
| Скрит в OPAC | Не |
| 944 ## - СЪЗДАВАНЕ И РЕДАКЦИЯ на ЗАПИСА | |
| Създаване/Редакция | Създаване |
| Дата на регистрацията/редакция | 27.11.2014 |
| Статус, дата на статуса | 27.11.2014 - от С1,Р / 27.11.2014 |
| Служител, извършил регистрацията/редакцията | Камелия_Данева |
| 944 ## - СЪЗДАВАНЕ И РЕДАКЦИЯ на ЗАПИСА | |
| Създаване/Редакция | Редакция |
| Дата на регистрацията/редакция | 17.12.2014 |
| Статус, дата на статуса | 27.11.2014 - от С1,Р / 27.11.2014 |
| Служител, извършил регистрацията/редакцията | Ирена_Линкова |
| 999 ## - СИСТЕМНИ КОНТРОЛНИ НОМЕРА | |
| Koha biblionumber | 210590 |
| Koha biblioitemnumber | 210590 |
| Код за отписване | Код за изгубен артикул | Източник на класификационната схема | Код за повреда | Коз за рестрикции | Код за отдаване | Артикулен № | Име на библиотеката - собственик | Име на библиотеката, в която се намира в момента | Статус (Текущо местоположение) | Дата на вписване в системата | Местоположение - отдел | Цена в лева | Инвентарен номер | Систематично азбучна сигнатура | Баркод | Номер на екземпляра | Цена в евро | Служебна бележка | Служебен тип на артикула |
|---|---|---|---|---|---|---|---|---|---|---|---|---|---|---|---|---|---|---|---|
| Не е изгубен | Universal Decimal Classification | Не е повреден | само за читалня | ползва се в читалня | 362242 | Регионална библиотека "Любен Каравелов" Русе | Регионална библиотека "Любен Каравелов" Русе | Хранилище | 1957-01-01 | Основен фонд - ползва се само за читалня | 3.20 | 2147/58 | Цб 298519 | 900000001242 | 1 | 1.64 | Дост: Pk Вид: Ф N: стар фонд Дата: 01.01.1957 Дата инв: 04.06.2015 Бележки инв: ГрИ2015 | Графични издания |